000 00359 a2200157 4500
001 171192
020 _a
040 _cMagnum
100 _aColussi, Eliane Lucia
240 1 0 _aA maconaria brasileira no seculo xix
_lpor
245 1 0 _aA maconaria brasileira no seculo xix
362 0 _a1899
440 1 _aSaraiva
697 _aPARADIDATICO
942 _cBK
999 _c171192
_d171192